El desarrollo del sistema cognitivo y la enseñanza de las ciencias (Record no. 65741)

MARC details
000 -CABECERA
campo de control de longitud fija 00674nam a2200217 a 4500
005 - FECHA Y HORA DE LA ÚLTIMA TRANSACCIÓN
campo de control 20210219153007.0
008 - ELEMENTOS DE LONGITUD FIJA--INFORMACIÓN GENERAL
campo de control de longitud fija 991125n 000 0 spa u
035 ## - NÚMERO DE CONTROL DEL SISTEMA
Número de control de sistema UPN01000071812
100 ## - ASIENTO PRINCIPAL--NOMBRE PERSONAL
Nombre de persona GARCIA, Rolando
222 ## - TÍTULO CLAVE
Título clave EDUCACION :
Información calificativa REVISTA DEL CONSEJO NACIONAL TECNICO DE LA EDUCACION
245 ## - MENCIÓN DE TÍTULO
Título El desarrollo del sistema cognitivo y la enseñanza de las ciencias
300 ## - DESCRIPCIÓN FÍSICA
Extensión 33-57
362 ## - FECHAS DE PUBLICACIÓN Y/O DESIGNACIÓN SECUENCIAL
Fecha de publicación y/o designación secuencial 1982 4a. época, Vol. 8, no. 42 oct.-dic.
653 0# - TERMINO DE INDIZACION - NO CONTROLADO
Término no controlado CIENCIAS
653 0# - TERMINO DE INDIZACION - NO CONTROLADO
Término no controlado ENSEÑANZA
653 0# - TERMINO DE INDIZACION - NO CONTROLADO
Término no controlado PIAGET, Jean, 1896-1980
653 0# - TERMINO DE INDIZACION - NO CONTROLADO
Término no controlado PROCESO COGNOSCITIVO
653 0# - TERMINO DE INDIZACION - NO CONTROLADO
Término no controlado PROCESO ENSEÑANZA-APRENDIZAJE
904 ## - ELEMENTOS DE DATOS D LOCAL, LDD (RLIN)
a AC
b 009623
905 ## - TIPO DE MATERIAL
Tipo de material Articulo

No items available.